Hotel accommodation management (Record no. 17979)

MARC details
000 -LEADER
fixed length control field 00447nam a22001577a 4500
008 - FIXED-LENGTH DATA ELEMENTS--GENERAL INFORMATION
fixed length control field 191016b xxu||||| |||| 00| 0 eng d
020 ## - INTERNATIONAL STANDARD BOOK NUMBER
International Standard Book Number 1138048799
040 ## - CATALOGING SOURCE
Original cataloging agency KABU
Transcribing agency KABU
050 ## - LIBRARY OF CONGRESS CALL NUMBER
Classification number TX911.3
Item number .M27H68 2018 c. 1
245 ## - TITLE STATEMENT
Title Hotel accommodation management
Statement of responsibility, etc. edited by Roy C. Wood
260 ## - PUBLICATION, DISTRIBUTION, ETC. (IMPRINT)
Place of publication, distribution, etc. London
Name of publisher, distributor, etc. Routledge
Date of publication, distribution, etc. 2018
300 ## - PHYSICAL DESCRIPTION
Extent xix, 209 p.
650 ## - SUBJECT ADDED ENTRY--TOPICAL TERM
Topical term or geographic name as entry element Hotel Management
700 ## - ADDED ENTRY--PERSONAL NAME
Personal name Wood, Roy C.
942 ## - ADDED ENTRY ELEMENTS (KOHA)
Source of classification or shelving scheme Library of Congress Classification
Koha item type General Collection
Classification part TX911.3
Holdings
Withdrawn status Lost status Source of classification or shelving scheme Not for loan Home library Current library Date acquired Cost, normal purchase price Total Checkouts Full call number Barcode Date last seen Copy number Price effective from Koha item type
    Library of Congress Classification   Kabarak, Main Campus Kabarak, Main Campus 16/10/2019 3578.00   TX911.3 .M27H68 2018 c. 1 023776 16/10/2019 c. 1 16/10/2019 General Collection
    Library of Congress Classification   Kabarak, Main Campus Kabarak, Main Campus 16/10/2019 3578.00   TX911.3 .M27H68 2018 c. 2 023777 16/10/2019 c. 2 16/10/2019 General Collection
    Library of Congress Classification   Kabarak, Main Campus Kabarak, Main Campus 16/10/2019 3578.00   TX911.3 .M27H68 2018 c. 3 023778 16/10/2019 c. 3 16/10/2019 General Collection
Designed with assistance from East African Informatics Ltd